Turbulence (Record no. 5373)

000 -LEADER
fixed length control field 00511nam a2200205 i 4500
001 - CONTROL NUMBER
control field 5373
003 - CONTROL NUMBER IDENTIFIER
control field BD-DhUET
008 - FIXED-LENGTH DATA ELEMENTS--GENERAL INFORMATION
fixed length control field 750220s1975 nyua b 001 0 eng
020 ## - INTERNATIONAL STANDARD BOOK NUMBER
International Standard Book Number 0070290377
040 ## - CATALOGING SOURCE
Original cataloging agency DLC
Transcribing agency DLC
Modifying agency BD-DhUET
082 00 - DEWEY DECIMAL CLASSIFICATION NUMBER
Classification number 532.56
Item number HIN/1975
100 1# - MAIN ENTRY--PERSONAL NAME
Personal name Hinze, J. O.
245 00 - TITLE STATEMENT
Title Turbulence
250 ## - EDITION STATEMENT
Edition statement 2nd ed.
260 ## - PUBLICATION, DISTRIBUTION, ETC. (IMPRINT)
Place of publication, distribution, etc. New York
Name of publisher, distributor, etc. McGraw-Hill
Date of publication, distribution, etc. 1975
300 ## - PHYSICAL DESCRIPTION
Extent x,790p.
Other physical details ill.
Dimensions 24 cm.
490 0# - SERIES STATEMENT
Series statement McGraw-Hill series in mechanical engineering
650 #0 - SUBJECT ADDED ENTRY--TOPICAL TERM
Topical term or geographic name as entry element Turbulence
942 ## - ADDED ENTRY ELEMENTS (KOHA)
Koha item type General Book
Holdings
Not for loan Koha normalized classification for sorting Sublocation or collection (holding branch) Source of classification or shelving scheme Location (home branch) Koha full call number Lost status Price effective from Piece designation (barcode) Copy number Withdrawn status Koha item type Koha issues (times borrowed) Koha date last borrowed Date acquired Shelving location Koha date last seen Damaged status
 532_560000000000000_HIN_1975Central Library, BUET Central Library, BUET532.56/HIN/1975 2014-11-26638131 General Book  2014-11-26Circulation section2014-11-26 
 532_560000000000000_HIN_1975Central Library, BUET Central Library, BUET532.56/HIN/1975 2014-11-26638162 General Book  2014-11-26Circulation section2014-11-26 
 532_560000000000000_HIN_1975Central Library, BUET Central Library, BUET532.56/HIN/1975 2014-12-07443343 General Book  2014-12-07Circulation section2014-12-07 
 532_560000000000000_HIN_1975Central Library, BUET Central Library, BUET532.56/HIN/1975 2014-12-07638074 General Book  2014-12-07Circulation section2014-12-07 
 532_560000000000000_HIN_1975Central Library, BUET Central Library, BUET532.56/HIN/1975 2014-12-07638125 General Book12015-03-252014-12-07Circulation section2015-03-29 
 532_560000000000000_HIN_1975Central Library, BUET Central Library, BUET532.56/HIN/1975 2014-12-07638056 General Book  2014-12-07Circulation section2014-12-07 
 532_560000000000000_HIN_1975Central Library, BUET Central Library, BUET532.56/HIN/1975 2014-12-07638107 General Book  2014-12-07Circulation section2014-12-07 
 532_560000000000000_HIN_1975Central Library, BUET Central Library, BUET532.56/HIN/1975 2014-12-07638088 General Book  2014-12-07Circulation section2014-12-07 
 532_560000000000000_HIN_1975Central Library, BUET Central Library, BUET532.56/HIN/1975 2014-12-07638099 General Book  2014-12-07Circulation section2014-12-07 
 532_560000000000000_HIN_1975Central Library, BUET Central Library, BUET532.56/HIN/1975 2014-12-076380610 General Book12022-11-142014-12-07Circulation section2023-02-28 
 532_560000000000000_HIN_1975Central Library, BUET Central Library, BUET532.56/HIN/1975 2014-12-076381511 General Book12015-05-262014-12-07Circulation section2015-09-14 
 532_560000000000000_HIN_1975Central Library, BUET Central Library, BUET532.56/HIN/1975 2015-03-093915812 General Book  2015-03-09Circulation section2015-03-09 
 532_560000000000000_HIN_1975Central Library, BUET Central Library, BUET532.56/HIN/1975 2015-06-075896813 Reading Item  2015-06-07Reading section2015-06-07 
 532_560000000000000_HIN_1975Central Library, BUET Central Library, BUET532.56/HIN/1975 2015-06-076065314 Reading Item  2015-06-07Reading section2015-06-07 
 532_560000000000000_HIN_1975Central Library, BUET Central Library, BUET532.56/HIN/1975 2015-06-235272915 Reading Item  2015-06-23Reading section2015-06-23 
 532_560000000000000_HIN_1975Central Library, BUET Central Library, BUET532.56 HIN/1975 2024-11-166381116 General Book12024-11-271985-06-29Circulation section2024-11-27 
 532_560000000000000_HIN_1975Central Library, BUET Central Library, BUET532.56 HIN/1975 2024-11-16   General Book  2024-11-16 2024-11-16 
 532_560000000000000_HIN_1975Central Library, BUET Central Library, BUET532.56 HIN/1975 2024-11-163915918 General Book  2025-09-03Circulation section2024-11-16